| 000 | 00786cam a22002651 4500 | ||
|---|---|---|---|
| 999 |
_c42695 _d42695 |
||
| 001 | 6115640 | ||
| 003 | ARRUPE | ||
| 005 | 20170530091453.0 | ||
| 008 | 781019s1963 enkab 000 0 eng | ||
| 010 | _a 64057878 | ||
| 015 | _aGB63-19284 | ||
| 035 | _a(OCoLC)4304463 | ||
| 040 |
_aDLC _cNbU _dUk _dDLC |
||
| 042 | _apremarc | ||
| 050 | 0 | 0 |
_aDT22 _b.D3 |
| 100 | 1 |
_aDavidson, Basil, _d1914-2010. _930545 |
|
| 245 | 1 | 0 | _aGuide to African history. |
| 260 |
_aLondon, _bG. Allen and Unwin _c[1963] |
||
| 300 |
_a93 p. _billus., maps. _c19 cm. |
||
| 490 | 0 |
_aAfrican elephant books, _vno. 5 |
|
| 504 | _aBibliography: p. 93. | ||
| 651 | 0 |
_aAfrica _xHistory. _931643 |
|
| 906 |
_a7 _bcbc _coclcrpl _du _encip _f19 _gy-gencatlg |
||
| 942 |
_2lcc _cMONOGRAPH |
||